[Event "AUTO-ADV-4807"]
[Site "http://www.queenalice.com/game.php?id=1842440"]
[Date "2024.8.25"]
[Round "1"]
[White "fbenevides2019"]
[Black "Leftpawn"]
[Result "1/2-1/2"]
[WhiteElo "1780"]
[BlackElo "1850"]

1. d4 Nf6 2. Nf3 g6 3. Nc3 Bg7 4. e4 d6 5. h3 O-O 6. Bg5 Nbd7 7. Bb5 c6 8. Bd3
b5 9. a3 Re8 10. O-O e5 11. dxe5 dxe5 12. Re1 Nc5 13. Bxf6 Qxf6 14. b4 Nxd3 15.
Qxd3 Rd8 16. Qe3 Be6 17. Qc5 Bc4 18. Qe3 Qf4 19. g3 Qxe3 20. Rxe3 Bh6 21. Ree1
Bd2 22. Nxd2 Rxd2 23. Rac1 a5 24. h4 a4 25. Red1 Rxd1+ 26. Rxd1 Rc8 27. Rd2 Kg7
28. Rd6 Be6 29. Nd1 Rc7 30. f3 Kf6 31. c3 Ke7 32. Rd3 Rd7 33. Rxd7+ Bxd7 34. g4
h6 35. Kf2 Kd6 36. Ke3 g5 37. hxg5 hxg5 38. Nf2 c5 39. bxc5+ Kxc5 40. Nd3+ Kd6
41. Nb4 1/2-1/2

[Event "AUTO-ADV-4807"]
[Site "http://www.queenalice.com/game.php?id=1842441"]
[Date "2024.8.25"]
[Round "1"]
[White "Leftpawn"]
[Black "fbenevides2019"]
[Result "1-0"]
[WhiteElo "1864"]
[BlackElo "1783"]

1. e4 d5 2. exd5 Qxd5 3. Nc3 Qe6+ 4. Be2 a6 5. Nf3 h6 6. O-O Nc6 7. Re1 Qd7 8.
d4 Nf6 9. Bf4 e6 10. Bc4 b5 11. Bb3 Bb7 12. h3 Bb4 13. a3 Bxc3 14. bxc3 O-O 15.
a4 bxa4 16. Bxa4 Ne8 17. Ne5 Qd8 18. Nxc6 Bxc6 19. Bxc6 Ra7 20. Bxe8 Rxe8 21.
Qg4 Qf6 22. Be5 Qg6 23. Qxg6 fxg6 24. c4 c6 25. c5 h5 26. Rab1 Kf7 27. Rb8 Rxb8
28. Bxb8 Rb7 29. Bf4 Rb5 30. c3 a5 31. Ra1 Kf6 32. Bc7 a4 33. Rxa4 Rb7 34. Be5+
Kf7 35. Rb4 Rxb4 36. cxb4 g5 37. Bd6 h4 38. Kh2 g6 39. b5 cxb5 40. c6 Ke8 41.
Kg1 Kd8 42. Kf1 Kc8 43. Ke1 b4 44. Kd2 1-0

[Event "AUTO-ADV-4807"]
[Site "http://www.queenalice.com/game.php?id=1842448"]
[Date "2024.8.25"]
[Round "1"]
[White "Leftpawn"]
[Black "Daniel1962"]
[Result "1-0"]
[WhiteElo "1857"]
[BlackElo "1685"]

1. e4 e5 2. Nf3 d6 3. d4 Nf6 4. Nc3 Bg4 5. d5 c6 6. Be2 cxd5 7. exd5 Qa5 8. Bd2
Qb6 9. b3 e4 10. Ng5 Bxe2 11. Qxe2 Qc7 12. Ngxe4 Nxe4 13. Qxe4+ Be7 14. O-O O-O
15. Rfe1 Re8 16. Qd3 Nd7 17. Nb5 Qc6 18. c4 Qb6 19. Be3 Qd8 20. Nxa7 Nc5 21.
Bxc5 dxc5 22. Nb5 Rc8 23. d6 Bf6 24. Rxe8+ Qxe8 25. Rd1 Rd8 26. d7 Qe7 27. Na7
g6 28. Nc8 Qe6 29. h3 Bd4 30. Qf1 Qxd7 31. Rxd4 Qxd4 32. Ne7+ Kf8 33. Nd5 Qb2
34. Qe1 Re8 35. Qc3 Qxc3 36. Nxc3 f5 37. Nb5 Ra8 38. a4 Ke7 39. Nc3 Kd6 40. Kf1
Ke5 41. Ke2 Rd8 42. Nd5 Kd4 43. f3 g5 44. Kd2 h5 45. Kc2 Re8 46. Kd2 g4 47. h4
gxf3 48. gxf3 Rg8 49. Nf4 b6 50. Nxh5 Rh8 51. Ng3 f4 52. Nf5+ Ke5 53. Ne7 Ke6
54. Ng6 Rh6 55. Nxf4+ Kf5 56. Ng2 Ke5 57. Kd3 Rd6+ 58. Kc3 Rd1 59. Kc2 Rg1 60.
Ne3 Kf4 61. Nd5+ Kxf3 62. Nxb6 Rh1 63. Nd7 Rxh4 64. Nxc5 Ke3 65. Kc3 Rh1 66. a5
Ra1 67. a6 Rc1+ 68. Kb4 Kd4 69. a7 Ra1 70. Na4 1-0

[Event "AUTO-ADV-4807"]
[Site "http://www.queenalice.com/game.php?id=1842449"]
[Date "2024.8.25"]
[Round "1"]
[White "Daniel1962"]
[Black "Leftpawn"]
[Result "0-1"]
[WhiteElo "1728"]
[BlackElo "1838"]

1. e4 c5 2. Bc4 e6 3. Nc3 Nc6 4. Nf3 a6 5. d4 b5 6. Be2 cxd4 7. Nxd4 Bb7 8. Nxc6
dxc6 9. Bd2 e5 10. Bg4 Nf6 11. Bg5 Qxd1+ 12. Nxd1 Nxg4 13. f3 Nf6 14. Bxf6 gxf6
15. Ne3 Bc5 16. Nf5 O-O-O 17. a3 Rhg8 18. b4 Bd4 19. Rd1 Bc3+ 20. Kf2 Bd4+ 21.
Nxd4 Rxd4 22. Rc1 Rd2+ 23. Ke3 Rdxg2 24. c4 Ra2 25. cxb5 Rxa3+ 26. Kf2 Ra2+ 27.
Ke3 Ra3+ 28. Ke2 axb5 29. h4 Rg3 30. Rhf1 Rh3 31. Rcd1 Ra2+ 32. Rd2 Rh2+ 33. Rf2
Rxd2+ 34. Kxd2 Rxf2+ 35. Ke3 Rb2 0-1

[Event "AUTO-ADV-4811"]
[Site "http://www.queenalice.com/game.php?id=1843339"]
[Date "2024.9.8"]
[Round "1"]
[White "Leftpawn"]
[Black "Capixabba789"]
[Result "1-0"]
[WhiteElo "1850"]
[BlackElo "1931"]

1. e4 e5 2. Nf3 d6 3. d4 exd4 4. Qxd4 Nc6 5. Qd1 Nf6 6. Nc3 Be7 7. Bb5 Bd7 8.
Ba4 O-O 9. O-O a6 10. h3 Ne5 11. Nxe5 dxe5 12. Re1 b5 13. Bb3 b4 14. Nd5 Nxd5
15. Bxd5 c6 16. Bc4 Kh8 17. b3 a5 18. Bb2 f6 19. a3 c5 20. a4 Qc8 21. Qf3 Bc6
22. Bd5 Rb8 23. c3 Bxd5 24. exd5 Bd6 25. c4 Qe8 26. Qf5 Qf7 27. Rad1 Rbe8 28.
Re4 Rd8 29. Qe6 Qg6 30. Qg4 Qxg4 31. Rxg4 f5 32. Rg3 f4 33. Rgd3 h6 34. R3d2 Kh7
35. Re2 g5 36. Bxe5 f3 37. gxf3 Bxe5 38. Rxe5 Rxf3 39. Re3 Rf4 40. d6 Rd4 41.
Rxd4 cxd4 42. Re7+ Kg6 43. c5 Kf5 44. Kf1 Kf6 45. Ke2 h5 46. Kd3 1-0

[Event "AUTO-ADV-4811"]
[Site "http://www.queenalice.com/game.php?id=1843340"]
[Date "2024.9.8"]
[Round "1"]
[White "Capixabba789"]
[Black "Leftpawn"]
[Result "0-1"]
[WhiteElo "1905"]
[BlackElo "1846"]

1. e4 c5 2. b4 d6 3. bxc5 dxc5 4. Bb2 Nc6 5. Nf3 e6 6. Be2 e5 7. Bc4 h6 8. Nc3
Nf6 9. O-O Be7 10. Nd5 Nxe4 11. Nxe5 Nxe5 12. Bb5+ Nc6 13. Bxg7 Rh7 14. Be5 a6
15. Bxc6+ bxc6 16. Nxe7 Qxe7 17. Bf4 Qf6 18. Be3 c4 19. Qe2 Be6 20. c3 Ng5 21.
Bd4 Qg6 22. f4 Nh3+ 23. Kh1 Kd7 24. Rab1 Nxf4 25. Rb7+ Kc8 26. Rc7+ Kxc7 27.
Be5+ Kc8 28. Bxf4 Qd3 29. Qe5 Qxf1# 0-1

[Event "AUTO-ADV-4811"]
[Site "http://www.queenalice.com/game.php?id=1843341"]
[Date "2024.9.8"]
[Round "1"]
[White "Leftpawn"]
[Black "Charles56"]
[Result "1-0"]
[WhiteElo "1864"]
[BlackElo "1734"]

1. e4 e5 2. Nf3 d6 3. d4 exd4 4. Nxd4 h6 5. Nc3 Nf6 6. Be2 Bd7 7. O-O Nc6 8.
Nxc6 Bxc6 9. Bd3 Qd7 10. Re1 Be7 11. e5 dxe5 12. Rxe5 O-O-O 13. Be3 Ng4 14. Rxe7
Qxe7 15. Qxg4+ Kb8 16. Re1 Ka8 17. Qxg7 Rdg8 18. Qd4 b6 19. Bd2 Qd6 20. Qxd6
cxd6 21. g3 h5 22. Be4 Bxe4 23. Rxe4 h4 24. g4 f5 25. Rd4 Rg6 26. f3 h3 27. Ne2
fxg4 28. fxg4 Re8 29. Kf2 Rge6 30. Nf4 Rf8 31. Kg3 Ref6 32. Kxh3 Kb7 33. g5 Rf5
34. Kg4 Kc6 35. h4 d5 36. Bb4 1-0

[Event "AUTO-ADV-4811"]
[Site "http://www.queenalice.com/game.php?id=1843342"]
[Date "2024.9.8"]
[Round "1"]
[White "Charles56"]
[Black "Leftpawn"]
[Result "1-0"]
[WhiteElo "1770"]
[BlackElo "1836"]

1. e4 c5 2. Nc3 d6 3. Bc4 Nf6 4. d3 g6 5. h3 Bg7 6. Nf3 O-O 7. g4 Nc6 8. a3 e6
9. Nh2 Ne5 10. Ba2 a6 11. f4 Nc6 12. h4 Nd4 13. Be3 b5 14. h5 Bb7 15. hxg6 hxg6
16. f5 exf5 17. exf5 Bxh1 18. g5 Nh5 19. fxg6 Kh8 20. Qxh5+ 1-0

[Event "AUTO-INT-3886"]
[Site "http://www.queenalice.com/game.php?id=1846092"]
[Date "2024.10.23"]
[Round "2"]
[White "Charles56"]
[Black "Leftpawn"]
[Result "0-1"]
[WhiteElo "1723"]
[BlackElo "1875"]

1. e4 c5 2. Nc3 e5 3. Bc4 Nf6 4. d3 a6 5. Bg5 Be7 6. Nd5 Nxd5 7. Bxd5 Bxg5 8.
Nf3 Nc6 9. Nxg5 Qxg5 10. Qf3 Nd8 11. a4 O-O 12. h4 Qf4 13. Ke2 Ne6 14. Qxf4
Nxf4+ 15. Ke3 Nxd5+ 16. Kd2 Nf4 17. g3 Ne6 18. Ke3 Nd4 19. Rac1 d6 20. c3 Nc6
21. f3 h6 22. b3 b5 0-1

[Event "AUTO-INT-3886"]
[Site "http://www.queenalice.com/game.php?id=1846093"]
[Date "2024.10.23"]
[Round "2"]
[White "Leftpawn"]
[Black "Charles56"]
[Result "0-1"]
[WhiteElo "1872"]
[BlackElo "1905"]

1. e4 e5 2. Nf3 d6 3. d4 exd4 4. Nxd4 Bd7 5. Nc3 h6 6. Bc4 Nc6 7. O-O Nxd4 8.
Qxd4 Nf6 9. Re1 Be6 10. e5 dxe5 11. Qxe5 Bd6 12. Qb5+ Nd7 13. Bxe6 fxe6 14.
Rxe6+ Be7 15. Qh5+ Kf8 16. Bf4 Nc5 17. Re5 Bf6 18. Rxc5 c6 19. Rd1 Qe8 20. Bd6+
Kg8 21. Qxe8+ Rxe8 22. h3 Kh7 23. Na4 Re6 24. Nc3 Rd8 25. Bf4 Rxd1+ 26. Nxd1
Re1+ 27. Kh2 Rxd1 28. b3 Bd4 29. Rf5 Bxf2 30. g3 Rd7 31. Kg2 g6 32. Re5 Bd4 33.
Re2 Bb6 34. b4 a5 35. bxa5 Bxa5 36. Re5 g5 37. Be3 Bc7 38. Re4 b6 39. h4 gxh4
40. Rxh4 Rg7 41. Rxh6+ Kg8 42. Rh3 c5 43. Kh2 Re7 44. Bf2 Re2 45. Kg1 Rxc2 46.
a4 Bd8 47. Rh2 Ra2 48. Rh6 Rxa4 49. Rg6+ Kf7 50. Rh6 Ra1+ 51. Kg2 Ra2 52. Rd6
Ke7 53. Rh6 c4 54. Rc6 b5 55. Rc5 Bb6 56. Rf5 Bxf2 57. Rxf2 Rxf2+ 58. Kxf2 c3
59. Ke2 b4 60. Kd3 Ke6 61. Kc2 Kf5 62. Kb3 Kg4 63. Kc2 Kxg3 64. Kb3 Kf3 0-1

[Event "AUTO-INT-3886"]
[Site "http://www.queenalice.com/game.php?id=1846096"]
[Date "2024.10.23"]
[Round "2"]
[White "Leftpawn"]
[Black "ajr"]
[Result "1-0"]
[WhiteElo "1851"]
[BlackElo "1553"]

1. e4 c5 2. Nf3 a6 3. d4 e6 4. Nc3 h6 5. Bc4 b5 6. Be2 c4 7. O-O Bb4 8. Bd2 Bxc3
9. Bxc3 a5 10. b4 a4 11. d5 f6 12. Nh4 Ne7 13. Bh5+ Kf8 14. d6 1-0

[Event "AUTO-INT-3886"]
[Site "http://www.queenalice.com/game.php?id=1846097"]
[Date "2024.10.23"]
[Round "2"]
[White "ajr"]
[Black "Leftpawn"]
[Result "0-1"]
[WhiteElo "1557"]
[BlackElo "1847"]

1. d4 Nf6 2. Nc3 g6 3. Nf3 Bg7 4. h3 d6 5. e3 O-O 6. Bd3 Nbd7 7. O-O Re8 8. Re1
c5 9. a4 Nb6 10. b3 d5 11. dxc5 Nbd7 12. Bb5 a6 13. Bxd7 Nxd7 0-1

[Event "AUTO-ADV-4841"]
[Site "http://www.queenalice.com/game.php?id=1850649"]
[Date "2025.1.20"]
[Round "1"]
[White "zmanomega"]
[Black "Leftpawn"]
[Result "1-0"]
[WhiteElo "1695"]
[BlackElo "1823"]

1. e4 c5 2. Nc3 e6 3. Bb5 a6 4. Bc4 b5 5. Be2 Nc6 6. d3 Nf6 7. h3 d5 8. e5 Nxe5
9. Bf4 Bd6 10. Bg5 O-O 11. g4 Be7 12. f4 Nc6 13. Bh4 Qa5 14. g5 Ne8 15. Nf3 d4
16. O-O dxc3 17. b3 Nd4 18. Nxd4 cxd4 19. Kh2 Nd6 20. Bg4 Nf5 21. Bf2 b4 22. h4
Ne3 23. Bxe3 Qb6 24. Bf3 Rb8 25. Bf2 Bd6 26. Be4 Bxf4+ 27. Kg1 Bb7 28. Bxh7+
Kxh7 29. Qg4 Qd6 30. Qh3 Be3 31. Bxe3 g6 32. Bf4 e5 33. Bg3 Qe6 34. Qh2 Rh8 35.
Rae1 Rbc8 36. Bxe5 Rhe8 37. h5 Qg4+ 38. Bg3 Rxe1 39. Rxe1 Qxg5 40. Re2 Qc1+ 41.
Re1 Re8 42. hxg6+ Kxg6 43. Rxc1 1-0

[Event "AUTO-ADV-4841"]
[Site "http://www.queenalice.com/game.php?id=1850650"]
[Date "2025.1.20"]
[Round "1"]
[White "Leftpawn"]
[Black "zmanomega"]
[Result "0-1"]
[WhiteElo "1883"]
[BlackElo "1681"]

1. e4 e5 2. Nf3 d6 3. d4 Nf6 4. Nc3 c6 5. dxe5 dxe5 6. Qxd8+ Kxd8 7. Nxe5 Be6 8.
Bg5 Be7 9. O-O-O+ Nbd7 10. Bc4 Ke8 11. Bxe6 fxe6 12. Bxf6 Nxf6 13. Rhe1 a5 14.
Re3 h5 15. Ng6 Rg8 16. Nxe7 Kxe7 17. h3 g5 18. e5 Nd7 19. Ne2 c5 20. a3 b5 21.
Ng3 h4 22. Ne2 a4 23. g3 b4 24. Kb1 bxa3 25. Ka2 Rgb8 26. Nc3 Rxb2+ 27. Kxa3
Rxc2 28. gxh4 Rxf2 29. hxg5 Nb6 30. Re4 Rf3 31. Rc1 Nd5 32. g6 Nxc3 33. g7 Nxe4+
34. Ka2 Rg8 35. Rg1 Kf7 0-1

[Event "AUTO-ADV-4841"]
[Site "http://www.queenalice.com/game.php?id=1850663"]
[Date "2025.1.20"]
[Round "1"]
[White "Leftpawn"]
[Black "bdpq"]
[Result "1-0"]
[WhiteElo "1869"]
[BlackElo "1604"]

1. e4 d5 2. exd5 Qxd5 3. Nc3 Qc6 4. Nf3 Bg4 5. Be2 e6 6. Bb5 Nd7 7. Bxc6 bxc6 8.
h3 Bf5 9. O-O Bb4 10. a3 Ba5 11. Nh4 O-O-O 12. Nxf5 exf5 13. Re1 Ngf6 14. b4 Bb6
15. Qf3 Kb7 16. b5 Kc8 17. Qxc6 Nb8 18. Qf3 g6 19. Na4 Ne4 20. Nxb6+ cxb6 21. g4
Nxd2 22. Qc3+ Kb7 23. Bxd2 Rc8 24. Re7+ 1-0

[Event "AUTO-ADV-4841"]
[Site "http://www.queenalice.com/game.php?id=1850664"]
[Date "2025.1.20"]
[Round "1"]
[White "bdpq"]
[Black "Leftpawn"]
[Result "0-1"]
[WhiteElo "1554"]
[BlackElo "1869"]

1. e4 c5 2. Bb5 a6 3. Bc4 e6 4. Nf3 Nc6 5. d3 b5 6. Bb3 Na5 7. a4 Nxb3 8. cxb3
b4 9. O-O a5 10. Bf4 d6 11. Bg5 Be7 12. Bxe7 Nxe7 13. Ng5 h6 14. Nh3 O-O 15. Nd2
Ba6 16. Qf3 Ng6 17. Nc4 d5 18. Ne3 Bxd3 19. exd5 Bxf1 20. Rxf1 Qf6 21. Qxf6 gxf6
22. Nc4 exd5 23. Nd6 Ne5 24. Nf5 Kh7 25. f4 Nd3 26. Rd1 c4 27. bxc4 dxc4 28. Ne7
Nxb2 29. Rd5 Rfd8 30. Rf5 Rd1+ 31. Kf2 Nd3+ 32. Ke2 Re1+ 33. Kd2 Rxe7 34. Rxf6
Rg8 35. g3 Rd7 36. Ke3 b3 37. Kd2 Nf2+ 38. Kc3 Ne4+ 39. Kb2 Nxf6 40. f5 Rb8 41.
Nf4 Ne4 42. Nh5 Rd2+ 0-1

[Event "AUTO-ADV-4841"]
[Site "http://www.queenalice.com/game.php?id=1850665"]
[Date "2025.1.20"]
[Round "1"]
[White "Leftpawn"]
[Black "Givanildo"]
[Result "1-0"]
[WhiteElo "1802"]
[BlackElo "1670"]

1. e4 d5 2. exd5 Qxd5 3. Nc3 Qe5+ 4. Be2 Bf5 5. Nf3 Qd6 6. O-O e6 7. Re1 Nd7 8.
Nh4 O-O-O 9. Nxf5 exf5 10. d3 Be7 11. Be3 f4 12. Bd2 Bg5 13. Ne4 Qe5 14. Bc3 Qe6
15. Nxg5 Qg6 16. h4 h5 17. Bf3 Ne7 18. Rxe7 Rhf8 19. Bxh5 Qd6 20. Rxf7 Rh8 21.
Rxg7 f3 22. Rg6 Qe7 23. Bxh8 Rxh8 24. Qxf3 Ne5 25. Qf5+ Nd7 26. Re6 Qg7 27. Re8+
Rxe8 28. Bxe8 b6 29. Bxd7+ Qxd7 30. Qxd7+ Kxd7 31. Re1 Kd6 32. h5 c5 33. h6 a5
34. h7 b5 35. h8=Q c4 36. Qe5+ Kc6 37. dxc4 bxc4 38. Qxa5 c3 39. bxc3 Kd6 40.
Nf7+ Kd7 41. Qa6 Kc7 42. Re7+ Kb8 43. Qb7# 1-0

[Event "AUTO-ADV-4844"]
[Site "http://www.queenalice.com/game.php?id=1851254"]
[Date "2025.1.31"]
[Round "1"]
[White "Leftpawn"]
[Black "dimitridruloza2012"]
[Result "0-1"]
[WhiteElo "1859"]
[BlackElo "1933"]

1. e4 b6 2. d4 Bb7 3. Nc3 g6 4. Nf3 Bg7 5. Bd3 Nc6 6. Be3 Nf6 7. O-O e6 8. Re1
Nh5 9. e5 Ne7 10. Bg5 h6 11. Bd2 Nd5 12. Nxd5 Bxd5 13. c4 Bxf3 14. Qxf3 O-O 15.
b4 Qh4 16. Re4 Qe7 17. a3 d6 18. Ree1 a5 19. exd6 Qxd6 20. Bc3 Bxd4 21. Bxd4 Nf4
22. Re4 Nh5 23. Be5 Qd7 24. Qh3 f5 25. Re3 Kh7 26. g3 axb4 27. a4 Rxa4 28. Rxa4
Qxa4 29. Bxc7 Qc6 30. Be5 Ra8 31. Be2 f4 32. Bxf4 Ra1+ 33. Bf1 Qxc4 34. Qg2 b3
35. Qb7+ Ng7 36. Be5 Qxf1# 0-1

[Event "AUTO-ADV-4844"]
[Site "http://www.queenalice.com/game.php?id=1851255"]
[Date "2025.1.31"]
[Round "1"]
[White "dimitridruloza2012"]
[Black "Leftpawn"]
[Result "0-1"]
[WhiteElo "1920"]
[BlackElo "1813"]

1. g3 e5 2. Bg2 d5 3. b3 Nf6 4. Bb2 Nc6 5. Nc3 Be7 6. Nxd5 Nxd5 7. Nf3 O-O 8.
Nh4 Bxh4 9. gxh4 Nf4 10. Be4 Qxh4 11. d3 Nh3 12. Rf1 Ng5 13. Qd2 Nxe4 14. Qe3
Nd6 15. Bxe5 Nxe5 16. Qxe5 Re8 17. Qc3 Nb5 18. Qc5 a6 19. O-O-O Qe7 20. Qc4 Be6
21. Qf4 Qa3+ 22. Kd2 Qd6 23. Qf3 Qb4+ 24. Kc1 Qa3+ 25. Kd2 Qxa2 26. Ra1 Qb2 27.
Rfc1 Qc3+ 28. Kd1 Qc6 29. Qg3 Red8 30. c4 Nd4 31. Kd2 Nxb3+ 32. Kc3 Nxc1 33.
Rxc1 Qd6 34. Qg5 Qd4+ 35. Kd2 Qf6 36. Qg2 Rab8 37. Qe4 Rd4 38. Qg2 c6 39. Rg1
Rg4 40. Qh1 Qg5+ 41. Kc2 Rxg1 42. Qf3 Qc1+ 43. Kb3 Qd2 44. Ka4 Qa2+ 45. Kb4 Qd2+
46. Kc5 Qa5+ 47. Kd4 Rd8+ 48. Ke3 Qg5+ 49. Ke4 Rg4+ 50. Qf4 Qxf4# 0-1

[Event "AUTO-ADV-4844"]
[Site "http://www.queenalice.com/game.php?id=1851257"]
[Date "2025.1.31"]
[Round "1"]
[White "jenyasm"]
[Black "Leftpawn"]
[Result "1-0"]
[WhiteElo "1659"]
[BlackElo "1846"]

1. e4 c5 2. Nf3 d6 3. d3 e5 4. h3 Nf6 5. g3 Nc6 6. Bg2 Be7 7. O-O h6 8. a3 O-O
9. Nc3 Nd4 10. Nxd4 cxd4 11. Ne2 Be6 12. c3 dxc3 13. bxc3 Rc8 14. c4 a6 15. Bd2
b6 16. Be3 b5 17. cxb5 axb5 18. Qb1 Rb8 19. Nc3 Qd7 20. Qb2 Bxh3 21. f4 Bxg2 22.
Kxg2 exf4 23. Bxf4 Nh5 24. Nd5 Nxf4+ 25. Rxf4 Bg5 26. Rff1 Qg4 27. Qf2 h5 28.
Ne3 Bxe3 29. Qxe3 h4 30. Rh1 Rbe8 31. Rxh4 Qg6 32. Qf4 Qf6 33. Qxf6 gxf6 34.
Rg4+ Kh7 35. Rh1# 1-0

[Event "AUTO-ADV-4845"]
[Site "http://www.queenalice.com/game.php?id=1851554"]
[Date "2025.2.4"]
[Round "1"]
[White "Leftpawn"]
[Black "wiktormool"]
[Result "0-1"]
[WhiteElo "1833"]
[BlackElo "1992"]

1. e4 c5 2. Nf3 a6 3. d4 e6 4. dxc5 Bxc5 5. Bd3 Nf6 6. O-O Qc7 7. h3 Nc6 8. c3
b5 9. Re1 Bb7 10. e5 Nd5 11. c4 bxc4 12. Bxc4 Nb6 13. Bd3 O-O 14. Nc3 Nd4 15.
Nxd4 Bxd4 16. Bxh7+ Kxh7 17. Qxd4 Qc6 18. Be3 Qxg2# 0-1